BREEDING ASLAN FIELD CROPS (Record no. 4491)

MARC details
000 -LEADER
fixed length control field 00390nam a22001577a 4500
003 - CONTROL NUMBER IDENTIFIER
control field OSt
005 - DATE AND TIME OF LATEST TRANSACTION
control field 20210916153554.0
008 - FIXED-LENGTH DATA ELEMENTS--GENERAL INFORMATION
fixed length control field 210916b |||||||| |||| 00| 0 eng d
040 ## - CATALOGING SOURCE
Transcribing agency HU
082 ## - DEWEY DECIMAL CLASSIFICATION NUMBER
Classification number 631.53/POE
100 ## - MAIN ENTRY--PERSONAL NAME
Personal name Milton Poehlman
Fuller form of name John Milton Poehlman
9 (RLIN) 4430
245 ## - TITLE STATEMENT
Title BREEDING ASLAN FIELD CROPS
260 ## - PUBLICATION, DISTRIBUTION, ETC.
Place of publication, distribution, etc. New Delhi
Name of publisher, distributor, etc. OXFORD
Date of publication, distribution, etc. 1969
300 ## - PHYSICAL DESCRIPTION
Extent 385
942 ## - ADDED ENTRY ELEMENTS (KOHA)
Source of classification or shelving scheme Dewey Decimal Classification
Koha item type Books like text book referance book
Suppress in OPAC No
Holdings
Withdrawn status Lost status Source of classification or shelving scheme Damaged status Not for loan Home library Current library Shelving location Date acquired Total Checkouts Full call number Barcode Date last seen Copy number Price effective from Koha item type
    Dewey Decimal Classification     Natural & Computational Science Library Natural & Computational Science Library General Stacks 09/16/2021   631.53/POE NSCLIB00008814 09/16/2021 1 09/16/2021 Books like text book referance book
    Dewey Decimal Classification     Natural & Computational Science Library Natural & Computational Science Library General Stacks 09/16/2021   631.53/POE NSCLIB00008815 09/16/2021 2 09/16/2021 Books like text book referance book